01727nam a2200361Ia 4500001000600000003000500006008004100011010001100052040000900063090001800072100003900090245027200129260003300401300002100434502018800455650003200643650003100675650003600706650004200742650003100784700005600815700004500871700005400916700004900970901001801019902000601037910000901043942000601052942000601058999001901064952014101083952014101224Z_331CHAP220113s1987 xx 000 0 und d a163307 cCHAP aTesis C37 398 aCarrizales Guevara, Alberto919570 aEfecto de la asignación de forraje sobre la calidad del forraje consumido por bovinos en una pradera asociada gramínea (Dactylis glomerata var. Potomac) y leguminosa (Medicago sativa var. Valenciana) /cpor Alberto Carrizales Guevara y Rogelio Elizarraraz Vargas aMéxico :bEl autor,c1987 a48 h. : gráfs. aTesis (Ingeniero Agrónomo Especialista en Zootecnia) -- UACh, 1987 \ Dirección: Juan Carlos Avendaño Montero; asesoría: Gilberto Rafael de Lucia Silva y Jaime Becerril Arriaga aAlfalfa como forraje 93899 aDactylis glomerata 930865 aForrajesxPalatabilidad 942588 aGanado vacunoxAlimentación 945429 aSiembra múltiple9137549 a Avendaño Montero, Juan carlos, director 9137577 a Becerril Arriaga, Jaime, asesor9137578 a Lucia Silva, Gilberto Rafael de, asesor 9137579 aElizarraraz Vargas, Rogelio, coaut. 9137580 aTESIS C37 398 aM a1987 c2 c2 c163307d163307 00102local4051708TESISaZbZd2005-11-09eEl autorl0oTesis C37 398 1987p5101000568r2022-01-18 00:00:00tEj.1w2022-01-18yTESIS 00102local4055708TESISaZbZd2015-11-18eEl autorl0oTesis C37 398 1987p5101000569r2022-01-18 00:00:00tEj.2w2022-01-18yTESIS